| 000 | 00731nam a22001575i 4500 | ||
|---|---|---|---|
| 001 | 171300 | ||
| 003 | ES-MaACL | ||
| 005 | 20251114063124.0 | ||
| 008 | 090508s1863 sp |||| | spa d | ||
| 100 | 1 |
_aDíaz, José María, _d1800-1888 _9139671 |
|
| 245 | 1 | 0 |
_aMartir siempre, nunca reo _b: drama de costumbres políticas, original y en cuatro actos / _csu autor José María Diaz. |
| 260 |
_aMadrid : _bCentro General de Administración, _c1863 ( _fImp. de C. González) |
||
| 300 |
_a93 p. ; _c18 cm. |
||
| 852 |
_aES-MaACL _jF-8599(8) _z.- Enc. pasta española _q.- Falto de la cub. original _z.- Enc. en un vol. facticio formando parte de la col. facticia "Teatro español moderno", vol. 52 |
||
| 999 |
_c171300 _d171300 |
||